People on the Philippine Peso Banknotes - Statistics

General Stats
  • This quiz has been taken 50 times
  • The average score is 6 of 9
Answer Stats
Hint Answer % Correct
₱20 Manuel L. Quezon
98%
Benigno Aquino Jr.
81%
₱500 Corazon Aquino
79%
₱100 Manuel Roxas
74%
₱50 Sergio Osmeña
70%
₱200 Diosdado Macapagal
60%
Josefa Llanes Escoda
49%
Vicente Lim
40%
₱1000 Jose Abad Santos
33%
No matching quizzes found
Score Distribution
Percent of People with Each Score
Percentile by Number Answered
Your Score History
You have not taken this quiz